| 000 | 00490cam a2200193ua 4500 | ||
|---|---|---|---|
| 020 | _c1.50 | ||
| 041 |
_amal _h |
||
| 082 |
_a894.812 _bKRI/PR |
||
| 100 | _aKrishnapillai, K.R . | ||
| 245 |
_aPrabandhangal, vol-4 / _cK.R.Krishnapillai. _hTextual Documents |
||
| 250 |
_a1 / _b. |
||
| 260 |
_aKottayam : _bSahitya Pravarthaka Co-operative Society , _c1956. |
||
| 300 | _a181 ; . | ||
| 365 | _a1.50 | ||
| 504 | _a | ||
| 942 | _cBK | ||
| 999 |
_c1104 _d1104 |
||